000
00310nam a2200109 4500
999
_c
9744
_d
9744
008
180716b ||||| |||| 00| 0 eng d
245
_a
No lowering of taxes seen on non-life insurance.
260
_a
Philippines
_b
The Philippine Star
_c
c2017
300
_a
page B8.
650
0
_9
28927
_a
Taxation.
942
_2
ddc
_c
PER